[Event "Tally-Ho!"]
[Site "SchemingMind.com"]
[Date "2010.07.31"]
[Round "-"]
[White "Darnell"]
[Black "cnile"]
[Result "0-1"]
[WhiteCountry "CAN"]
[BlackCountry "SCO"]
[WhiteElo "1292"]
[WhiteRD "66"]
[BlackElo "1424"]
[BlackRD "63"]
[GameID "255998"]

1. e4 e6 2. d4 d5 3. exd5 exd5 4. c4 Nc6 5. Be3 Bb4+ 6. Nc3 Be6 7. cxd5 Bxd5 8. Nf3 Nf6 9. Bd3 O-O 10. O-O Re8
11. Bg5 Bxf3 12. Qxf3 Qxd4 13. Bxf6 Qxf6 14. Qxf6 gxf6 15. Nd5 Re7 16. Nxf6+ Kg7 17. Nd5 Rd7 18. Nxb4 Nxb4 19. Be4 c6 20. a3 Nd5
21. Rad1 Rad8 22. Bf5 Rd6 23. Rfe1 Nf6 24. Rxd6 Rxd6 25. g3 Rd2 26. b4 Nd5 27. Bc8 b5 28. Bb7 Kg6 29. Bxc6 Nc3
0-1

[Event "Tally-Ho!"]
[Site "SchemingMind.com"]
[Date "2010.07.31"]
[Round "-"]
[White "cnile"]
[Black "Darnell"]
[Result "0-1"]
[WhiteCountry "SCO"]
[BlackCountry "CAN"]
[WhiteElo "1424"]
[WhiteRD "63"]
[BlackElo "1292"]
[BlackRD "66"]
[GameID "255999"]

1. d4 d5 2. c4 c6 3. Nc3 dxc4 4. e4 b5 5. Bf4 Nf6 6. Be2 Qa5 7. Nf3 Nxe4 8. Bd2 Nxd2 9. Qxd2 Bg4 10. O-O e6
11. Ne5 Bxe2 12. Qxe2 Bb4 13. Ne4 Qb6 14. Rfd1 O-O 15. a3 Be7 16. Qh5 Qc7 17. Rac1 Nd7 18. Nxd7 Qxd7 19. Nc5 Bxc5 20. dxc5 Qe7
21. Rd6 Qf6 22. Rc3 Rad8 23. Rh3 h6 24. Qf3 Qxb2 25. g4 Rxd6 26. cxd6 Rd8 27. Qxc6 Qe5 28. Rh5 Qxd6 29. Qxd6 Rxd6 30. Rxb5 Rc6
31. Kf1 Kf8 32. Rb7 c3 33. Rb1 Ke7 34. Rb7+ Kd6 35. Ke1 c2 36. Kd2 c1=Q+
0-1

[Event "Tally-Ho!"]
[Site "SchemingMind.com"]
[Date "2010.07.31"]
[Round "-"]
[White "Maksymiliang"]
[Black "cnile"]
[Result "0-1"]
[WhiteCountry "POL"]
[BlackCountry "SCO"]
[WhiteElo "1221"]
[WhiteRD "84"]
[BlackElo "1444"]
[BlackRD "59"]
[GameID "256002"]

1. e4 e6 2. d4 d5 3. e5 c5 4. c3 Nc6 5. Nf3 cxd4 6. cxd4 Qb6 7. Nc3 a6 8. Be2 Nge7 9. g4 Ng6 10. O-O Be7
11. b3 Qc7 12. Bb2 O-O 13. Rc1 b5 14. a3 Bd7 15. h3 Nf4
0-1

[Event "Tally-Ho!"]
[Site "SchemingMind.com"]
[Date "2010.07.30"]
[Round "-"]
[White "Maksymiliang"]
[Black "Darnell"]
[Result "0-1"]
[WhiteCountry "POL"]
[BlackCountry "CAN"]
[WhiteElo "1211"]
[WhiteRD "88"]
[BlackElo "1292"]
[BlackRD "66"]
[GameID "256003"]

1. d4 d5 2. c4 c6 3. Nf3 dxc4 4. Nc3 Nf6 5. e4 b5 6. a3 Bg4 7. Be2 Nbd7 8. O-O Qc7 9. h3 Bh5 10. Bg5 e6
11. Rc1 a5 12. e5 Nd5 13. Ra1 f6 14. exf6 N7xf6 15. Ne5 Bxe2
0-1

[Event "Tally-Ho!"]
[Site "SchemingMind.com"]
[Date "2010.08.02"]
[Round "-"]
[White "cnile"]
[Black "Maksymiliang"]
[Result "1-0"]
[WhiteCountry "SCO"]
[BlackCountry "POL"]
[WhiteElo "1444"]
[WhiteRD "59"]
[BlackElo "1221"]
[BlackRD "84"]
[GameID "256004"]

1. d4 d5 2. c4 c6 3. e3 e6 4. Nc3 Nd7 5. Nf3 Ngf6 6. Bd3 Be7 7. Qc2 dxc4 8. Bxc4 O-O 9. O-O b5 10. Bd3 Bb7
11. b3 Rc8 12. Bb2 h6 13. Rfe1
1-0

[Event "Tally-Ho!"]
[Site "SchemingMind.com"]
[Date "2010.08.02"]
[Round "-"]
[White "nammy"]
[Black "Maksymiliang"]
[Result "1-0"]
[WhiteCountry "ENG"]
[BlackCountry "POL"]
[WhiteElo "837"]
[WhiteRD "55"]
[BlackElo "1221"]
[BlackRD "84"]
[GameID "256022"]

1. e4 c6 2. d4 d5 3. Nc3 dxe4 4. Nxe4 Nd7 5. c3 Ngf6 6. Bd3 Nxe4 7. Bxe4 Nf6 8. f3 e6 9. Bd3 Be7 10. Ne2 O-O
11. O-O b5 12. a3 Bb7 13. b3 Rc8 14. Be3 Re8 15. Qe1 a5 16. g4 h6 17. c4
1-0

[Event "Tally-Ho!"]
[Site "SchemingMind.com"]
[Date "2010.07.31"]
[Round "-"]
[White "nammy"]
[Black "cnile"]
[Result "0-1"]
[WhiteCountry "ENG"]
[BlackCountry "SCO"]
[WhiteElo "837"]
[WhiteRD "55"]
[BlackElo "1444"]
[BlackRD "59"]
[GameID "256023"]

1. e4 e5 2. Nf3 Nc6 3. c3 Bc5 4. a3 Nf6 5. b4 Bb6 6. Qe2 O-O 7. g3 d6 8. h3 Re8 9. Nh2 Be6 10. d3 a5
11. f4 Qd7 12. Nd2 axb4 13. cxb4 Bxh3 14. a4 Nd4 15. Qd1 exf4 16. gxf4 Ng4 17. Nhf3 Bxf1 18. Rxf1 Nxf3+ 19. Nxf3 d5 20. Rh1 dxe4
21. Nh4 exd3+ 22. Kf1 Nf2 23. Qf3 Nxh1 24. Qxh1 d2 25. Bxd2 Qxd2 26. f5 Qf2#
0-1

[Event "Tally-Ho!"]
[Site "SchemingMind.com"]
[Date "2010.07.30"]
[Round "-"]
[White "nammy"]
[Black "Darnell"]
[Result "0-1"]
[WhiteCountry "ENG"]
[BlackCountry "CAN"]
[WhiteElo "837"]
[WhiteRD "55"]
[BlackElo "1412"]
[BlackRD "82"]
[GameID "256024"]

1. e4 e5 2. Nf3 Nc6 3. b3 Bc5 4. Qe2 d6 5. d3 Bg4 6. h3 Bh5 7. a3 a5 8. g4 Bg6 9. h4 f6 10. Nc3 Nge7
11. h5 Bf7 12. Nh4 Nd4 13. Qd2 g5 14. Ng2 Nf3+ 15. Kd1 Nxd2 16. Bxd2 Bxf2 17. Be2 Nc6 18. Rf1 Bd4 19. Rb1 Bc5 20. Ra1 Qd7
21. Rxf6 Nd4 22. Bf1 Qxg4+ 23. Kc1 Qxh5 24. Na4 Nf3 25. Bc3 Ba7 26. Bxa5 Be3+ 27. Nxe3 Rxa5 28. Nc3 Ke7 29. Rf5 Be6 30. b4 Raa8
31. Nb5 Kd7 32. c3 Bxf5 33. exf5 Qh1 34. d4 h5 35. Ra2 Rhe8 36. Rf2 exd4 37. cxd4 Rxe3 38. Kc2 c6 39. Be2 g4 40. a4 cxb5
41. Bxb5+ Ke7 42. Kb2 Kf6 43. Rc2 Nxd4 44. Bd7 Rb3+ 45. Ka2 Qb1#
0-1

[Event "Tally-Ho!"]
[Site "SchemingMind.com"]
[Date "2010.08.02"]
[Round "-"]
[White "Maksymiliang"]
[Black "nammy"]
[Result "0-1"]
[WhiteCountry "POL"]
[BlackCountry "ENG"]
[WhiteElo "1221"]
[WhiteRD "84"]
[BlackElo "837"]
[BlackRD "55"]
[GameID "256025"]

1. e4 e6 2. d4 d6 3. Nf3 Nc6 4. c4 Nf6 5. Nc3 Bd7 6. Be2 e5 7. d5 Ne7 8. O-O c6 9. b4 Qb6 10. a3 O-O-O
11. Be3 Qa6 12. Qc2 g6 13. c5 Neg8 14. Bxa6 bxa6 15. cxd6 Bxd6 16. Rfc1 h6
0-1

[Event "Tally-Ho!"]
[Site "SchemingMind.com"]
[Date "2010.07.31"]
[Round "-"]
[White "cnile"]
[Black "nammy"]
[Result "1-0"]
[WhiteCountry "SCO"]
[BlackCountry "ENG"]
[WhiteElo "1444"]
[WhiteRD "59"]
[BlackElo "837"]
[BlackRD "55"]
[GameID "256026"]

1. d4 d6 2. Nf3 e6 3. c4 Nc6 4. Nc3 Nf6 5. Bg5 h6 6. Bh4 g5 7. Bg3 Bg7 8. e3 Nd7 9. h3 O-O 10. Bd3 e5
11. O-O b6 12. Qc2 a6 13. Bh7+ Kh8 14. Nd5 Re8 15. h4 Bb7 16. Nd2 gxh4 17. Bh2 exd4 18. exd4 Bxd4 19. Bf4 Re6 20. Nf3 Nb4
21. Nxb4 Bc5 22. Nd3 Kxh7 23. Nxc5+ Kg7 24. Nxe6+ Kg8 25. Nxd8 Rxd8 26. Nxh4 Nf6 27. Bxh6 Bc8 28. Qc3 Ng4 29. Qg7#
1-0

[Event "Tally-Ho!"]
[Site "SchemingMind.com"]
[Date "2010.07.30"]
[Round "-"]
[White "Darnell"]
[Black "nammy"]
[Result "1-0"]
[WhiteCountry "CAN"]
[BlackCountry "ENG"]
[WhiteElo "1412"]
[WhiteRD "82"]
[BlackElo "837"]
[BlackRD "55"]
[GameID "256027"]

1. e4 e6 2. d4 Nc6 3. Nf3 Nf6 4. Bg5 h6 5. Bh4 d6 6. Nc3 d5 7. e5 g5 8. Nxg5 Nd7 9. Nxe6 Qxh4 10. Nxc7+ Kd8
11. Nxa8 Bg7 12. Qf3 Rf8 13. O-O-O Nxd4 14. Qxd5 Nf5 15. Nb5 Qxf2 16. Nxa7 Ke7 17. Nxc8+ Rxc8 18. Qxd7+ Kf8 19. Qxc8+ Ke7 20. Qd7+ Kf8
21. Qd8#
1-0

[Event "Tally-Ho!"]
[Site "SchemingMind.com"]
[Date "2010.08.02"]
[Round "-"]
[White "lennart"]
[Black "Maksymiliang"]
[Result "1-0"]
[WhiteCountry "SWE"]
[BlackCountry "POL"]
[WhiteElo "1506"]
[WhiteRD "60"]
[BlackElo "1221"]
[BlackRD "84"]
[GameID "256185"]

1. e4 c5 2. Bc4 e6 3. Nf3 Nc6 4. O-O d6 5. c3 Nf6 6. a3 Be7 7. Bb5 Bd7 8. a4 O-O 9. Bxc6 Bxc6 10. d3 Rc8
11. b4 cxb4 12. cxb4 a6 13. Nd4 b5 14. axb5 axb5 15. Nc3 Qb6 16. Be3 Qb7 17. Nce2 Ra8 18. f3 Rxa1 19. Qxa1 Rc8 20. Nc3
1-0

[Event "Tally-Ho!"]
[Site "SchemingMind.com"]
[Date "2010.08.03"]
[Round "-"]
[White "lennart"]
[Black "cnile"]
[Result "1-0"]
[WhiteCountry "SWE"]
[BlackCountry "SCO"]
[WhiteElo "1506"]
[WhiteRD "60"]
[BlackElo "1444"]
[BlackRD "59"]
[GameID "256186"]

1. e4 c5 2. d3 Nc6 3. Nc3 Nf6 4. Nf3 d6 5. Be2 g6 6. O-O Bg7 7. Na4 O-O 8. Rb1 Bd7 9. c4 e5 10. Bg5 h6
11. Bxf6 Qxf6 12. Nc3 Ne7 13. b4 cxb4 14. Rxb4 Bc6 15. a4 Rac8 16. d4 a5 17. Rb6 Rfe8 18. d5 Bd7 19. Nd2 Rb8 20. c5 Rec8
21. Nc4 Rxc5 22. Rxd6 Qg5 23. Rxd7 Nc8 24. Nb5 Ne7 25. Nbd6 Bf8 26. Qa1 b6 27. Rb1 Nc8 28. Nxc8 Rbxc8 29. Qa2 Rb8 30. d6 Qf4
31. Ra7 Qxe4 32. Bf1 b5 33. Nxa5 Bxd6 34. Qxf7+ Kh8 35. Qg7#
1-0

[Event "Tally-Ho!"]
[Site "SchemingMind.com"]
[Date "2010.08.01"]
[Round "-"]
[White "lennart"]
[Black "nammy"]
[Result "1-0"]
[WhiteCountry "SWE"]
[BlackCountry "ENG"]
[WhiteElo "1506"]
[WhiteRD "60"]
[BlackElo "837"]
[BlackRD "55"]
[GameID "256187"]

1. e4 d6 2. d4 f6 3. Nf3 b6 4. Bc4 Nh6 5. d5 a6 6. O-O c6 7. dxc6 Nxc6 8. Bxh6 gxh6 9. Nc3 Na5 10. Bd5 Ra7
11. b4 Rc7 12. Na4 b5 13. Nc3 Nb7 14. a4 Rxc3 15. axb5 axb5 16. Ra8 Qc7 17. Nd4 Nd8 18. Nxb5 Qb6 19. Qh5+ Kd7 20. Nxc3 Qxb4
21. Qg4+ Kc7 22. Qxc8+ Kb6 23. Ra6#
1-0

[Event "Tally-Ho!"]
[Site "SchemingMind.com"]
[Date "2010.08.02"]
[Round "-"]
[White "lennart"]
[Black "Darnell"]
[Result "0-1"]
[WhiteCountry "SWE"]
[BlackCountry "CAN"]
[WhiteElo "1506"]
[WhiteRD "60"]
[BlackElo "1412"]
[BlackRD "82"]
[GameID "256188"]

1. e4 e5 2. d4 exd4 3. Qxd4 Nc6 4. Qc4 Nf6 5. Bd3 b6 6. Nf3 Bc5 7. O-O d6 8. Re1 Ng4 9. a3 O-O 10. h3 Nxf2
11. Kf1 Nxh3 12. gxh3 Bxh3+ 13. Ke2 Bg4 14. Nd2 Qf6 15. c3 Ne5 16. Qb5 Nxf3
0-1

[Event "Tally-Ho!"]
[Site "SchemingMind.com"]
[Date "2010.08.02"]
[Round "-"]
[White "Maksymiliang"]
[Black "lennart"]
[Result "0-1"]
[WhiteCountry "POL"]
[BlackCountry "SWE"]
[WhiteElo "1221"]
[WhiteRD "84"]
[BlackElo "1506"]
[BlackRD "60"]
[GameID "256189"]

1. d4 d5 2. Nf3 e6 3. c4 dxc4 4. Nc3 Nf6 5. e4 Bb4 6. Qc2 b5 7. Bg5 Qd7 8. Bd2 O-O 9. Be2 Nc6 10. Nxb5 Bxd2+
11. Nxd2 a6 12. d5 exd5 13. exd5 Nxd5 14. Na3 Nf4 15. Bf3 Re8+ 16. Kf1 Nb4 17. Qxc4 Qxd2 18. Rd1 Nbd3 19. Qxd3 Nxd3
0-1

[Event "Tally-Ho!"]
[Site "SchemingMind.com"]
[Date "2010.08.04"]
[Round "-"]
[White "cnile"]
[Black "lennart"]
[Result "0-1"]
[WhiteCountry "SCO"]
[BlackCountry "SWE"]
[WhiteElo "1444"]
[WhiteRD "59"]
[BlackElo "1506"]
[BlackRD "60"]
[GameID "256190"]

1. d4 d5 2. c4 dxc4 3. Nc3 e6 4. e3 a6 5. Bxc4 b5 6. Bb3 Nf6 7. Nf3 Bb4 8. O-O Bxc3 9. bxc3 O-O 10. Re1 Ne4
11. Bb2 Nc6 12. Qd3 f5 13. c4 Nb4 14. Qe2 Bd7 15. cxb5 Nd6 16. bxa6 Kh8 17. Ne5 Bb5 18. Qh5 Rf6 19. Bxe6 g6 20. Qh6 Rxe6
21. Ba3 Nd3 22. Bxd6 Qf6 23. Red1 cxd6 24. Nf3 Re7 25. Rab1 Bxa6 26. Ng5 d5 27. Rd2 f4 28. g3 fxe3 29. fxe3 Qg7 30. Qh4 Rf8
31. Rb6 Bc4 32. Rdb2 Nxb2 33. Rxb2 Rxe3 34. Rb6 Re1+ 35. Kg2 Bf1+ 36. Kg1 Bh3#
0-1

[Event "Tally-Ho!"]
[Site "SchemingMind.com"]
[Date "2010.08.01"]
[Round "-"]
[White "nammy"]
[Black "lennart"]
[Result "0-1"]
[WhiteCountry "ENG"]
[BlackCountry "SWE"]
[WhiteElo "837"]
[WhiteRD "55"]
[BlackElo "1506"]
[BlackRD "60"]
[GameID "256191"]

1. e4 e5 2. Nf3 Nf6 3. d3 Bd6 4. Nc3 O-O 5. Be3 Nc6 6. g3 Ng4 7. Bd2 Bc5 8. h3 Nxf2 9. Qe2 Nxh1 10. g4 Bf2+
11. Kd1 Bb6 12. Qh2 Nf2+ 13. Ke1 Nb4 14. Ke2 d5 15. Ne1 f6 16. a3 Nxc2 17. Nxc2 dxe4 18. Be1 Qxd3#
0-1

[Event "Tally-Ho!"]
[Site "SchemingMind.com"]
[Date "2010.08.02"]
[Round "-"]
[White "Darnell"]
[Black "lennart"]
[Result "0-1"]
[WhiteCountry "CAN"]
[BlackCountry "SWE"]
[WhiteElo "1292"]
[WhiteRD "66"]
[BlackElo "1502"]
[BlackRD "60"]
[GameID "256192"]

1. e4 e5 2. Nf3 d6 3. Bc4 Bg4 4. Nc3 c6 5. d3 Be7 6. O-O Nf6 7. Bg5 h6 8. Bh4 g5 9. Bg3 h5 10. h3 Bxf3
11. Qxf3 g4 12. Qf5 h4 13. Bh2 gxh3 14. Qxh3 Nbd7 15. f3 Qb6+ 16. Kh1 Qxb2 17. Na4 Qxc2 18. Bb3 Qxd3 19. Nb2 Qa6 20. Rfd1 O-O-O
21. Bxf7 Kb8 22. Bc4 Qb6 23. Rab1 Qa5 24. Bg1 d5 25. exd5 cxd5 26. Bb3 d4 27. Nc4 Qc7 28. Rxd4 Rh6 29. Rxh4 Rxh4 30. Qxh4 Qc8
31. Bh2 Ka8 32. Rc1 Qc5 33. Bg1 Qb4 34. Qe1 Qb5 35. Qa5 Rh8+ 36. Bh2 Qc5 37. Qxc5 Bxc5 38. Nxe5 Bd6 39. f4 Nxe5 40. fxe5 Bxe5
41. g3 Ng4 42. Kg2 Rxh2+ 43. Kf3 Nf6 44. Rc5 Bb8 45. g4 a6 46. g5 Nh5 47. Rc8 Rh1 48. Rh8 Rh2 49. g6 Ka7 50. Kg4 Ng7
0-1

[Event "Tally-Ho!"]
[Site "SchemingMind.com"]
[Date "2010.08.02"]
[Round "-"]
[White "ichabod801"]
[Black "Maksymiliang"]
[Result "1-0"]
[WhiteCountry "USA"]
[BlackCountry "POL"]
[WhiteElo "1578"]
[WhiteRD "158"]
[BlackElo "1221"]
[BlackRD "84"]
[GameID "256216"]

1. c4 c5 2. Nc3 Nf6 3. g3 Nc6 4. Bg2 e6 5. Nf3 Be7 6. O-O d5 7. cxd5 exd5 8. d4 b6 9. Bg5 O-O 10. dxc5 bxc5
11. Bxf6 Bxf6 12. Qxd5
1-0

[Event "Tally-Ho!"]
[Site "SchemingMind.com"]
[Date "2010.08.03"]
[Round "-"]
[White "ichabod801"]
[Black "cnile"]
[Result "1-0"]
[WhiteCountry "USA"]
[BlackCountry "SCO"]
[WhiteElo "1735"]
[WhiteRD "104"]
[BlackElo "1424"]
[BlackRD "63"]
[GameID "256217"]

1. c4 e5 2. Nc3 c6 3. Nf3 Qc7 4. d4 exd4 5. Qxd4 Nf6 6. Bf4 d6 7. c5 Be6 8. cxd6 Qa5 9. e4 Nbd7 10. Bd3 Nc5
11. O-O Rd8 12. b4 Nb3 13. axb3 Qb6 14. Qxb6 axb6 15. e5 Nd5 16. Nxd5 Bxd5 17. Nd4 g6 18. Bg5 Rb8 19. Bf6 Rg8 20. Bc4 Bxc4
21. bxc4 Kd7 22. Ra7 Bg7 23. Bxg7 Rxg7 24. b5 cxb5 25. cxb5 Rgg8 26. Nc6 Rbc8 27. Rxb7+ Ke6 28. d7 Rxc6 29. bxc6 Rd8 30. c7
1-0

[Event "Tally-Ho!"]
[Site "SchemingMind.com"]
[Date "2010.08.01"]
[Round "-"]
[White "ichabod801"]
[Black "nammy"]
[Result "1-0"]
[WhiteCountry "USA"]
[BlackCountry "ENG"]
[WhiteElo "1578"]
[WhiteRD "158"]
[BlackElo "837"]
[BlackRD "55"]
[GameID "256218"]

1. c4 e5 2. Nc3 Nc6 3. Nf3 g6 4. d4 f6 5. e4 d6 6. Be2 Be7 7. d5 Nb4 8. a3 Na6 9. b4 Nh6 10. Bxh6 Qd7
11. Be3 f5 12. g3 h6 13. h4 O-O 14. Bxh6 Rf7 15. Qd2 c6 16. Bg5 Bf8 17. O-O-O b6 18. dxc6 Qxc6 19. b5 Qc7 20. bxa6 Bxa6
21. Qd5 Re8 22. h5 Kh7 23. hxg6+ Kxg6 24. exf5+ Kxf5 25. Bd3+ Kg4 26. Rh4#
1-0

[Event "Tally-Ho!"]
[Site "SchemingMind.com"]
[Date "2010.08.02"]
[Round "-"]
[White "ichabod801"]
[Black "Darnell"]
[Result "1-0"]
[WhiteCountry "USA"]
[BlackCountry "CAN"]
[WhiteElo "1735"]
[WhiteRD "104"]
[BlackElo "1292"]
[BlackRD "66"]
[GameID "256219"]

1. c4 Nf6 2. Nc3 g6 3. g3 Bg7 4. Bg2 d6 5. Nf3 c5 6. O-O O-O 7. d4 Nc6 8. dxc5 dxc5 9. Be3 b6 10. Ne5 Ng4
11. Nxg4 Bxg4 12. Bxc6 Rc8 13. Bf3 Bxf3 14. exf3 Bxc3 15. bxc3
1-0

[Event "Tally-Ho!"]
[Site "SchemingMind.com"]
[Date "2010.08.02"]
[Round "-"]
[White "ichabod801"]
[Black "lennart"]
[Result "1-0"]
[WhiteCountry "USA"]
[BlackCountry "SWE"]
[WhiteElo "1735"]
[WhiteRD "104"]
[BlackElo "1502"]
[BlackRD "60"]
[GameID "256220"]

1. c4 e5 2. Nc3 d6 3. Nf3 Nf6 4. d4 e4 5. Nd2 Be7 6. Ndxe4 O-O 7. g3 c6 8. d5 c5 9. Bg2 Ng4 10. O-O Bf6
11. Bf4 Be5 12. Bxe5 Nxe5 13. b3 Na6 14. Nb5 Nc7 15. Nbxd6 b6 16. Nxc8 Rxc8 17. Nc3 a6 18. f4 Ng4 19. Qd3 f5 20. e4 fxe4
21. Bxe4 Nf6 22. Rfe1 Nxe4 23. Nxe4 Ne8 24. Ng5 Nf6 25. Ne6 Qd7 26. Nxf8 Rxf8 27. Re6 b5 28. Rxa6 bxc4 29. bxc4 Re8 30. a4 Ng4
31. h3 Nh6 32. g4 Qb7 33. Re6 Rf8 34. f5 Qf7 35. a5 g6 36. f6 Kh8 37. Qc3 Ng8 38. Re7
1-0

[Event "Tally-Ho!"]
[Site "SchemingMind.com"]
[Date "2010.08.02"]
[Round "-"]
[White "Maksymiliang"]
[Black "ichabod801"]
[Result "0-1"]
[WhiteCountry "POL"]
[BlackCountry "USA"]
[WhiteElo "1221"]
[WhiteRD "84"]
[BlackElo "1578"]
[BlackRD "158"]
[GameID "256221"]

1. c4 e6 2. d4 f5 3. Nc3 Bb4 4. Nf3 Bxc3+ 5. bxc3 Nf6 6. e3 b6 7. Be2 Bb7 8. O-O d6 9. Bb2 Nbd7 10. h3 Qe7
0-1

[Event "Tally-Ho!"]
[Site "SchemingMind.com"]
[Date "2010.08.04"]
[Round "-"]
[White "cnile"]
[Black "ichabod801"]
[Result "0-1"]
[WhiteCountry "SCO"]
[BlackCountry "USA"]
[WhiteElo "1424"]
[WhiteRD "63"]
[BlackElo "1735"]
[BlackRD "104"]
[GameID "256222"]

1. d4 Nf6 2. c4 g6 3. Nc3 d5 4. cxd5 Nxd5 5. e4 Nxc3 6. bxc3 Bg7 7. Bc4 c5 8. Ne2 Nc6 9. O-O O-O 10. Rb1 cxd4
11. cxd4 Nxd4 12. Bb2 Nxe2+ 13. Qxe2 Bxb2 14. Rxb2 b6 15. Qf3 Qd4 16. Rb4 Qf6 17. Qxf6 exf6 18. Bd5 Ba6 19. Bxa8 Bxf1 20. Kxf1 Rxa8
21. f3 Kf8 22. Ke2 Ke7 23. Ke3 Rb8 24. Rb5 a6 25. Rd5 Rd8 26. Rxd8 Kxd8 27. Kd4 Kd7 28. Kd5 Kc7 29. a4 Kd7 30. h4 b5
31. Kc5 bxa4 32. Kb4 Ke6 33. Kxa4 Ke5
0-1

[Event "Tally-Ho!"]
[Site "SchemingMind.com"]
[Date "2010.08.01"]
[Round "-"]
[White "nammy"]
[Black "ichabod801"]
[Result "0-1"]
[WhiteCountry "ENG"]
[BlackCountry "USA"]
[WhiteElo "837"]
[WhiteRD "55"]
[BlackElo "1578"]
[BlackRD "158"]
[GameID "256223"]

1. e4 e6 2. d4 d5 3. Nc3 Bb4 4. a3 Bxc3+ 5. bxc3 dxe4 6. Ne2 Nf6 7. f3 exf3 8. gxf3 Nc6 9. Bg2 O-O 10. O-O e5
11. d5 Nxd5 12. c4 Nf6 13. f4 exf4 14. Qe1 Be6 15. Nxf4 Qd4+ 16. Rf2 Qxa1 17. Rf3 Qd4+ 18. Kf1 Bxc4+ 19. Rd3 Bxd3+ 20. cxd3 Rfe8
21. Ne2 Qxd3 22. h3 Nd4 23. Bf4 c6 24. Kf2 Rxe2+ 25. Kf1 Rxe1+ 26. Kxe1 Nf3+ 27. Kf2 Ne4#
0-1

[Event "Tally-Ho!"]
[Site "SchemingMind.com"]
[Date "2010.08.02"]
[Round "-"]
[White "Darnell"]
[Black "ichabod801"]
[Result "0-1"]
[WhiteCountry "CAN"]
[BlackCountry "USA"]
[WhiteElo "1292"]
[WhiteRD "66"]
[BlackElo "1735"]
[BlackRD "104"]
[GameID "256224"]

1. e4 e6 2. d4 d5 3. Nd2 c5 4. c3 cxd4 5. cxd4 dxe4 6. Nxe4 Bb4+ 7. Nc3 Nf6 8. Bg5 O-O 9. Bd3 b6 10. Be4 Nc6
11. Bxc6 Rb8 12. Nf3 Be7 13. O-O Qd6 14. Bxf6 Bxf6 15. Ba4 Bb7 16. Nb5 Qb4 17. Qb3 Qxb3 18. Bxb3 Bxf3
0-1

[Event "Tally-Ho!"]
[Site "SchemingMind.com"]
[Date "2010.08.02"]
[Round "-"]
[White "lennart"]
[Black "ichabod801"]
[Result "0-1"]
[WhiteCountry "SWE"]
[BlackCountry "USA"]
[WhiteElo "1502"]
[WhiteRD "60"]
[BlackElo "1735"]
[BlackRD "104"]
[GameID "256225"]

1. e4 e6 2. Nf3 d5 3. exd5 exd5 4. Be2 Bd6 5. O-O Ne7 6. Nc3 c6 7. d4 Bf5 8. Bg5 f6 9. Bh4 O-O 10. Na4 Na6
11. c4 Re8 12. c5 Bc7 13. Bd3 Qd7 14. Bxf5 Nxf5 15. Re1 Rxe1+ 16. Qxe1 Re8 17. Qd2 Nxh4 18. Nxh4 b6 19. b4 Qe6 20. Nf3 Qe2
21. Qc3 Qc4 22. Qxc4 dxc4 23. Rb1 Bd8 24. g3 Re2 25. Re1 Rxe1+ 26. Nxe1 Nxb4 27. Nc3 b5 28. Kf1 Kf7 29. Ke2 Nd5 30. Nxd5 cxd5
31. Kd2 Ba5+ 32. Kd1 Ke6 33. Nd3 g5 34. Kc2 cxd3+ 35. Kxd3 Be1 36. f3 a6 37. g4 b4 38. Kc2 Bc3 39. Kb3 Bxd4 40. Kxb4 Kd7
0-1